| 000 | 00647nam a2200169Ia 4500 | ||
|---|---|---|---|
| 003 | GCL | ||
| 008 | 140319s9999 xx 000 0 ara d | ||
| 040 |
_aGCL / _cGCL |
||
| 082 | 0 | 4 |
_aد _b050 _bو ع |
| 245 | 1 | 0 | _aالعربى ع575 اكتوبر 2006 (سلام الى الجامع الاموى الكبير ) |
| 260 |
_aالكويت : _bوزارة الاعلام بدولة الكويت ، _c2006 |
||
| 650 | 0 | 4 | _aابن رشد، ابوالوليد محمد بن احمد |
| 650 | 0 | 4 | _aالمكتبات والمعلومات |
| 650 | 0 | 4 | _aالشعر العربى - دواوين وقصائد |
| 650 | 0 | 4 | _aالجامع الاموى |
| 942 |
_2ddc _cCR |
||
| 999 |
_c8868 _d8868 |
||